Science Quiz

Random Science or Chemistry Quiz

Elements Missing Roman Numerals Quiz Stats

Quiz Updated Feb 13, 2014

Challenge
Share
Tweet
Embed
Score 0/30 Timer 05:00
0 Plays Today
Clue Element % Correct
Z _ N _Zinc
87.9%
G O _ _Gold
86.2%
H E _ _ U _Helium
86.1%
P _ A T _ N U _Platinum
84.6%
S E _ E N _ U _Selenium
82.1%
Z _ R _ O N _ U _Zirconium
81.4%
R A _ _ U _Radium
79.2%
N _ _ K E _Nickel
77.1%
_ H _ O R _ N EChlorine
73.1%
_ H R O _ _ U _Chromium
71.2%
S O _ _ U _Sodium
71%
O S _ _ U _Osmium
70.7%
S _ _ _ E RSilver
70.1%
R U B _ _ _ U _Rubidium
69%
A _ U _ _ N _ U _Aluminium
65.9%
Clue Element % Correct
N _ O B _ U _Niobium
65.8%
_ O _ Y B _ E N U _Molybdenum
63.5%
P A _ _ A _ _ U _Palladium
61.9%
S _ _ _ _ O NSilicon
61.5%
_ _ T H _ U _Lithium
58.1%
A _ T _ N _ U _Actinium
56.4%
S A _ A R _ U _Samarium
53.8%
_ U T E T _ U _Lutetium
53%
_ A N A _ _ U _Vanadium
48.9%
_ O _ _ N EIodine
43.1%
G A _ O _ _ N _ U _Gadolinium
41.6%
_ E N _ E _ E _ _ U _Mendelevium
39.3%
_ E _ T N E R _ U _Meitnerium
37.4%
_ A R _ S T A _ T _ U _Darmstadtium
36.8%
_ R _ _ _ U _Iridium
34.3%

You're not logged in!

Compare scores with friends on all Sporcle quizzes.
Sign Up with Email
OR
Log In

You Might Also Like...

Show Comments

Extras

Top Quizzes Today


Score Distribution

Your Account Isn't Verified!

In order to create a playlist on Sporcle, you need to verify the email address you used during registration. Go to your Sporcle Settings to finish the process.